Fifty Funny People Quiz Stats

Quiz Updated Mar 19, 2016

Challenge
Share
Tweet
Score 0/50 Timer 05:00
17 Plays Today
% Correct
Ellen
97.6%
Adam
96.8%
Jay
95.4%
Will
95.2%
David
94.8%
Chevy
94.5%
Tina
94.4%
Jerry
94.4%
Jim
94.1%
Rosie
92.2%
Joan
91.8%
Billy
90.9%
Eddie
90.9%
Lucille
90.6%
Amy
89.8%
Ray
89.8%
Chris
88.2%
Roseanne
88.2%
Richard
88.1%
Robin
87.7%
Steve
87.7%
Johnny
87%
Rodney
86.5%
Sarah
86.1%
Wanda
84.3%
% Correct
Carrot
84.2%
Bob
84.2%
Dana
84%
Carol
82.6%
George
82.4%
Freddie
81.1%
Andy
79.8%
Martin
78.2%
Don
78.1%
Dom
77.4%
Phyllis
76.8%
Milton
73.1%
Phil
72.7%
Garry
72%
Jack
71.5%
Redd
70%
Lenny
69.5%
Buddy
68.6%
Albert
67.9%
Dennis
65.8%
Flip
65.7%
Jonathan
61.6%
Sam
60.4%
Mitch
58.7%
Henny
55.9%

You're not logged in!

Compare scores with friends on all Sporcle quizzes.
Join for Free
OR
Log In

You Might Also Like...

Show Comments

Extras

Top Quizzes Today


Score Distribution

Your Account Isn't Verified!

In order to create a playlist on Sporcle, you need to verify the email address you used during registration. Go to your Sporcle Settings to finish the process.

Report this User

Report this user for behavior that violates our Community Guidelines.

Details: